| 000 | 00816cam a2200289 i 4500 | ||
|---|---|---|---|
| 001 | 40684 | ||
| 003 | Mx-PuUPA | ||
| 005 | 20240422112038.0 | ||
| 008 | 140415s2000 000 0 spa d | ||
| 020 | _a9682300010 | ||
| 040 |
_cMx-PuUPA _aMx-PuUPA _bspa _dMx-PuUPA _erda |
||
| 041 | _aspa | ||
| 100 | 1 | _a | |
| 245 | 1 | 0 | _aDependencia y desarrollo en américa latina |
| 250 | _adecimoséptima edición | ||
| 260 |
_a _b _c |
||
| 264 |
_aMéxico, D.F. _bSiglo Veintiuno Editores _c1981 |
||
| 300 |
_a213 páginas ; _c18 cm |
||
| 336 |
_2rdacontent _atexto _btxt |
||
| 337 |
_2rdamedia _asin medio _bn |
||
| 338 |
_2rdacarrier _avolumen _bnc |
||
| 502 | _a | ||
| 650 | 1 | 4 |
_a _2armarc _913986 |
| 942 |
_n _2ddc _cLI _hxxx _iD4 |
||
| 999 |
_c40684 _d40684 |
||